[Event "Titled Tuesday intern op 16th May Late"]
[Site "Chess.com INT"]
[Date "2023.05.16"]
[Round "3"]
[White "Stark, John"]
[Black "Hirneise, Jens"]
[Result "0-1"]
[WhiteElo "1980"]
[BlackElo "2277"]
[PlyCount "50"]
[EventDate "2023.05.16"]
[EventType "swiss (blitz)"]
[EventRounds "11"]
[EventCountry "USA"]
[SourceTitle "CBM 214 Extra"]
[Source "ChessBase"]
[SourceDate "2023.07.31"]
[SourceVersion "1"]
[SourceVersionDate "2023.07.31"]
[SourceQuality "1"]

1. c4 e6 2. e4 c5 3. Nf3 Nc6 4. d4 cxd4 5. Nxd4 Bb4+ 6. Bd2 Qa5 7. Nb5 Kf8 8. a3 Bxd2+ 9. Qxd2 Qxd2+ 10. Nxd2 a6 11. Nd6 Ke7 12. c5 Nf6 13. f3 b6 14. b4 bxc5 15. bxc5 Rb8 16. N2c4 a5 17. Nb6 Bb7 18. Be2 Ne8 19. Rd1 Nxd6 20. Rxd6 Rhd8 21. 0-0 e5 22. Rfd1 Nd4 23. Bc4 Bc6 24. Rb1 Ne6 25. Rbd1 Nxc5 0-1

[Event "Titled Tuesday intern op 16th May Late"]
[Site "Chess.com INT"]
[Date "2023.05.16"]
[Round "4"]
[White "Tristan, Leonardo"]
[Black "Stark, John"]
[Result "1-0"]
[WhiteElo "2545"]
[BlackElo "1980"]
[PlyCount "109"]
[EventDate "2023.05.16"]
[EventType "swiss (blitz)"]
[EventRounds "11"]
[EventCountry "USA"]
[SourceTitle "CBM 214 Extra"]
[Source "ChessBase"]
[SourceDate "2023.07.31"]
[SourceVersion "1"]
[SourceVersionDate "2023.07.31"]
[SourceQuality "1"]

1. d4 Nf6 2. Nf3 e6 3. Bf4 b6 4. e3 Bb7 5. Nbd2 d6 6. Bd3 Nbd7 7. 0-0 c5 8. c3 Nd5 9. Bg3 Be7 10. e4 N5f6 11. Re1 cxd4 12. cxd4 0-0 13. Qe2 Rc8 14. Rad1 Re8 15. e5 dxe5 16. dxe5 Nd5 17. Ne4 Nc5 18. Bb1 Ba6 19. Qd2 Nxe4 20. Rxe4 Bb4 21. Qg5 Be7 22. Qh5 g6 23. Qh6 Bf8 24. Qh4 Qxh4 25. Bxh4 Be7 26. Bxe7 Rxe7 27. Rde1 Rec7 28. h4 h5 29. Kh2 Rc1 30. Ng5 Rxe1 31. Rxe1 Rc4 32. Ne4 Rb4 33. b3 Rd4 34. g3 Kg7 35. f3 Nb4 36. g4 Bd3 37. Nf6 Bxb1 38. Rxb1 Rd2+ 39. Kg3 Re2 40. gxh5 Rxe5 41. Ne8+ Kh6 42. hxg6 Kxg6 43. Nd6 Nxa2 44. Ra1 Re2 45. Ne4 a5 46. Rh1 Rb2 47. h5+ Kh6 48. Nf6 Rxb3 49. Ng4+ Kh7 50. h6 Nc3 51. Nf6+ Kh8 52. Rh4 Ne2+ 53. Kf2 Nc1 54. Rg4 Nd3+ 55. Kg3 1-0

[Event "Titled Tuesday intern op 25th Apr Late"]
[Site "Chess.com INT"]
[Date "2023.04.25"]
[Round "8"]
[White "Stark, John"]
[Black "Karttunen, Mika"]
[Result "1-0"]
[WhiteElo "1980"]
[BlackElo "2490"]
[PlyCount "93"]
[EventDate "2023.04.25"]
[EventType "swiss (blitz)"]
[EventRounds "11"]
[EventCountry "USA"]
[SourceTitle "EXT 2024"]
[Source "ChessBase"]
[SourceDate "2023.10.10"]
[SourceVersion "1"]
[SourceVersionDate "2023.10.10"]
[SourceQuality "1"]

1. c4 Nf6 2. d4 g6 3. Nc3 c5 4. d5 e6 5. e4 d6 6. f4 exd5 7. cxd5 Bg7 8. Bb5+ Nfd7 9. Nf3 a6 10. Be2 0-0 11. a4 Re8 12. 0-0 Nf6 13. e5 Ng4 14. Ng5 h5 15. h3 Nh6 16. e6 f5 17. a5 b5 18. axb6 Qxb6 19. Bxh5 gxh5 20. Qxh5 Re7 21. Rf3 Qd8 22. Rg3 Qe8 23. Nf7 Nxf7 24. Qxf5 Nh6 25. Qf6 Kh7 26. Qh4 Bxe6 27. dxe6 Rxe6 28. f5 Re1+ 29. Kh2 Rxc1 30. f6 Bf8 31. Rxc1 Ra7 32. Nd5 Qe5 33. Re1 Qxd5 34. Re8 Rf7 35. Rxf8 Nd7 36. Rxf7+ Qxf7 37. Rg7+ Qxg7 38. fxg7 Kxg7 39. Qe7+ Nf7 40. Qxd7 Kf6 41. Qa4 Ke5 42. Qxa6 Ng5 43. Qe2+ Ne4 44. h4 d5 45. h5 d4 46. h6 Kf6 47. Qxe4 1-0

[Event "Titled Tuesday intern op 25th Apr Late"]
[Site "Chess.com INT"]
[Date "2023.04.25"]
[Round "10"]
[White "Stark, John"]
[Black "Kubatko, Ivan"]
[Result "1-0"]
[WhiteElo "1980"]
[BlackElo "2257"]
[PlyCount "153"]
[EventDate "2023.04.25"]
[EventType "swiss (blitz)"]
[EventRounds "11"]
[EventCountry "USA"]
[SourceTitle "EXT 2024"]
[Source "ChessBase"]
[SourceDate "2023.10.10"]
[SourceVersion "1"]
[SourceVersionDate "2023.10.10"]
[SourceQuality "1"]

1. c4 e6 2. Nc3 d5 3. d4 c5 4. cxd5 cxd4 5. Qxd4 Nc6 6. Qc4 Nb4 7. Nb5 Nxd5 8. Bd2 a6 9. Nc3 Ngf6 10. e4 b5 11. Qd3 Nb4 12. Qb1 Bb7 13. a3 Nc6 14. Nf3 Bc5 15. Bd3 0-0 16. 0-0 Ng4 17. Nd1 Nge5 18. Ne1 Nd4 19. Be3 Nxd3 20. Qxd3 e5 21. Nc3 Nb3 22. Bxc5 Nxc5 23. Qg3 Nxe4 24. Nxe4 Bxe4 25. Qxe5 Re8 26. Qg3 Qd2 27. b4 Rad8 28. Nf3 Qd3 29. Ng5 Qxg3 30. hxg3 Bg6 31. Rfe1 h6 32. Nf3 f6 33. Rad1 Bh5 34. Rxd8 Rxd8 35. Re6 Ra8 36. Nd4 Bf7 37. Re7 Kf8 38. Rc7 g6 39. Nc6 Bd5 40. Ne7 Bf7 41. Nc8 a5 42. Nb6 Ra6 43. Rc6 axb4 44. Nd7+ Ke7 45. Rxa6 Kxd7 46. axb4 Ke7 47. Rb6 Bc4 48. f4 h5 49. Kf2 Kf7 50. Ke3 Kg7 51. Kd4 Bf1 52. Kc5 g5 53. fxg5 fxg5 54. Kd4 Bxg2 55. Rxb5 Kg6 56. Ke5 Bf1 57. Rb6+ Kg7 58. Kf5 h4 59. gxh4 gxh4 60. Kf4 h3 61. Kg3 Kf7 62. Rd6 Ke7 63. Rd1 Bg2 64. b5 Ke8 65. b6 Ke7 66. Kh2 Ke6 67. Rd8 Ke7 68. Rd4 Ke6 69. Kg3 Ke7 70. Rd2 Bb7 71. Kxh3 Ke6 72. Kg3 Ke5 73. Kg4 Ke6 74. Kf4 Ke7 75. Kf5 Ke8 76. Ke5 Kf8 77. Kd6 1-0

[Event "Titled Tuesday intern op 25th Apr Late"]
[Site "Chess.com INT"]
[Date "2023.04.25"]
[Round "11"]
[White "Stark, John"]
[Black "Kuzmin, Roman"]
[Result "1-0"]
[WhiteElo "1980"]
[BlackElo "2238"]
[PlyCount "39"]
[EventDate "2023.04.25"]
[EventType "swiss (blitz)"]
[EventRounds "11"]
[EventCountry "USA"]
[SourceTitle "EXT 2024"]
[Source "ChessBase"]
[SourceDate "2023.10.10"]
[SourceVersion "1"]
[SourceVersionDate "2023.10.10"]
[SourceQuality "1"]

1. c4 Nf6 2. Nc3 e6 3. e3 d5 4. b3 b6 5. Bb2 Bb7 6. Nf3 Nbd7 7. d4 a6 8. Bd3 Bd6 9. 0-0 0-0 10. Re1 Ne4 11. Nd2 f5 12. Nf3 Qf6 13. Ne2 Qh6 14. Ne5 Ndf6 15. Nf4 Bxe5 16. dxe5 Ng4 17. Nh3 Nexf2 18. Nxf2 Qxh2+ 19. Kf1 Qh1+ 20. Nxh1 1-0